00718nam a2200181 i 450000100060000000300090000600500170001500700030003200800410003510000330007624501530010926000350026230000300029770000340032785200320036199900170039395201260041078245ES-MaACL20230906173624.0t|041013s1960 sp ||||1| spa d1 aHèanchen, Richard.912811410aResistencia a la fatiga b: cálculo y forma de los elementos de máquinas / cRichard Hèanchen ; [versión española por Juan Maluquer Wahl]. aBarcelona : bReverti, c1960. a210 p. : bil. ; c22 cm.1 aMaluquer Wahl, Juan J.975884 aES-MaACLjC-18405 bR.46288 c78245d78245 00104070aATENEOMbATENEOMcGaleríad2008-01-17eSCl0oC-18405p1081850r2023-02-23 00:00:00w2023-02-23yMONOGRAFIA